000 00860nam a2200241 a 4500
999 _c11468
_d11468
001 11468
003 BD-JhCC
005 20190925085404.0
008 190625b20002006bg |||| ||a| 001 0 mul d
020 _a9841104865
035 _a(BD-JhCC)11468
040 _aBD-JhCC
_dBD-JhCC
041 _amul
082 _bALI 2006
_a023.9
100 _aআলী, মোহাম্মদ সা'দাত
245 _aআধুনিক গ্রন্থাগার প্রশাসন ও ব্যবস্থাপনা /
_cমোহাম্মদ সা'দাত আলী ।
260 _aঢাকা:
_bআহমদ পাবলিশিং হাউস;
_c২০০৬.
300 _a২৩৬ পৃ. :
_c২২ সেমি.
650 _aLibrary Management
650 _aLibrary Administration
942 _2ddc
_cBK